LEADER 00434nab a2200133 i 4500 001 000000262939 003 CaOOAMICUS 005 20180831164635.0 008 180831n xx uu u0 0und r 013 $a10624 040 $aSeMil$bita 245 10$a[vedi periodico]. 773 0 $tHistoria.$dLublin : Towarzystwo Naukowe Katolickiego Uniwersytetu Lubelskiego, 2005 (copyr. 2006)$w()161864 996 $6245$a[vedi periodico]$9(OLS)http://semarc/title/309439 LEADER 01258nam a2200277 i 4500 001 000000191023 003 CaOOAMICUS 005 20251128145548.0 008 100713s1981 be u000 u fre u 013 $a169504 040 $aSeMil$bita 100 1 $aRichard, Jean Barthélémy,$d<1921-2021>.$0(OLS)http://semarc/name/116034 245 14$aLes récits de voyages et de pèlerinages. A-1. 7 /$cPar Jean Richard. 264 1$aTurnhout :$bBrepols,$c1981. 300 $a84 + [8] p. ;$c24 cm. 490 1 $aTypologie des sources du Moyen Age occidental ;$vFasc.38 500 $aIn coda al vol. : Mise à jour du fascicule n. 38. 650 4$aPellegrinaggi - Storia - Medioevo - Fonti.$0(OLS)http://semarc/subject/35987 650 4$aViaggi - Storia - Medioevo - Fonti.$0(OLS)http://semarc/subject/35988 830 0$aTypologie des sources du Moyen Age occidental ;$v38.$0(OLS)http://semarc/title/122 850 $aSeMil 852 $aSeMil$W1$xVenegono$y1$m2U II 138$j141637$B141637$CSeMilBibl$Z2$F153183 $81 961 $aOmaggio: Altro 996 $6245$aLes récits de voyages et de pèlerinages. A-1. 7$9(OLS)http://semarc/title/275268 996 $6264$aTurnhout :$bBrepols$9(OLS)http://semarc/publisher/29626